Stuttgart Best Scorer By Year - Statistics

General Stats
  • This quiz has been taken 279 times
    5 since last reset
  • The average score is 8 of 36
Answer Stats
Player % Correct
Deniz Undav
100%
Mario Gómez
100%
Ermedin Demirović
80%
Sehrou Guirassy
60%
Dieter Hoeneß
40%
Dieter Müller
40%
Fredi Bobic
40%
Fritz Walter
40%
Hansi Müller
40%
Jürgen Klinsmann
40%
Sasa Kalajdzic
40%
Vedad Ibišević
40%
Cacau
20%
Daniel Didavi
20%
Hermann Ohlicher
20%
Karl Allgöwer
20%
Martin Harnik
20%
Danijel Ljuboja
0%
Dieter Höller
0%
Hans-Otto Peters
0%
Hartmut Weiß
0%
Hartmut Weiß
0%
Horst Köppel
0%
İlyas Tüfekçi
0%
Ionel Ganea
0%
Jan Olsson
0%
Jonathan Akpoborie
0%
Jon Dahl Tomasson
0%
Karl-Heinz Handschuh
0%
Kevin Kurányi
0%
Manfred Weidmann
0%
Peter Reichert
0%
Rolf Geiger
0%
Sean Dundee
0%
Wolfgang Frank
0%
Zdravko Kuzmanović
0%
No matching quizzes found
Score Distribution
Percent of People with Each Score
Percentile by Number Answered
Your Score History
You have not taken this quiz since the last reset